Les 20 stades de L1 saison 2025-2026 (Mort subite) - Statistiques

Statistiques générales
  • Ce quiz a été pris 165 fois
  • Le résultat moyen est 11 sur 18
Answers on the Grid
Answers color-coded by a green-red scale on the quiz's grid according to % correct below.
Parc des Princes
Stade Orange Vélodrome
Stade Louis II
Allianz Rivera
Stade Pierre-Mauroy
Groupama Stadium
Stade Bollaert-Delelis
Stade Francis-Le Blé
Le Stadium
Stade de l'Abbé-Deschamps
Rhoazon Park
Stade de la Beaujoire
Stade Raymond-Kopa
Stade Océane
Stade du Moustoir
Stade Jean-Bouin
Stade Saint-Symphorien
Stade de la Meinau
Stade Auguste-Delaune
Stade Geoffroy-Guichard
Stade de la Mosson
Stade Marcel-Tribut
Le Roudourou
Stade Francis-Le-Basser
Stade Armand-Cesari
Stade des Alpes
Stade Marcel-Picot
Stade Michel-d'Ornano
Stade Gaston-Gérard
Stade Auguste-Bonal
 
Statistiques - réponses
Réponse % Correct
Groupama Stadium
75%
Parc des Princes
71%
Stade Orange Vélodrome
71%
Rhoazon Park
69%
Stade de la Beaujoire
68%
Stade Pierre-Mauroy
66%
Stade Bollaert-Delelis
64%
Stade Louis II
64%
Allianz Rivera
61%
Stade de l'Abbé-Deschamps
55%
Stade Jean-Bouin
55%
Stade de la Meinau
54%
Stade Francis-Le Blé
54%
Stade Raymond-Kopa
53%
Stade Saint-Symphorien
52%
Le Stadium
48%
Stade Océane
48%
Stade du Moustoir
41%
Aucun quiz correspondant
Distribution des résultats
% des personnes avec chaque résultat
Percentile par nombre de réponses
Votre historique - résultats
Vous n’avez pas pris ce quiz